000 00531nam a2200217Ia 4500
003 OSt
005 20240104122742.0
008 210707s1958 xx 000 0 und d
040 _cAL
041 _aeng
082 _a575.1 SINP
100 _aSINNOTT (Edmund W);DUNN (L C)
_9147309
245 _aPrinciples of genetics
250 _a5
260 _aNew Delhi
_bTata McGraw-Hill Publishing Company Ltd.
_c1958
300 _axiv,459 p
365 _b27
_cINR
563 _aHB
906 _aGenetics_x000D_
942 _2ddc
_cBK
999 _c180000
_d180000